000 00615cam a2200205 a 4500
001 000014422
005 20240406073830.0
008 781027s1977 sp 001 0 spa
015 _aSp77-June
020 _a8432503614
_c150ptas
040 _aDO-SdBNP
_bspa
_cBNPHU
082 _a321.8
_bB641b
100 1 _aBlanco Tobío, Manuel
_920773
245 1 0 _aBlues para una democracia /
_cManuel Blanco Tobío.
260 _aMadrid :
_bDoncel,
_c1977.
300 _a185 p. ;
_c18 cm.
490 1 _aEl libro de bolsillo Doncel
_v140
650 0 _aDemocracia
_9286
651 4 _aEspaña
_xPolítica Y Gobierno
_y1975-
_922014
999 _c14013
_d14013